Acerca de la problemática indígena en Panamá: Cecilia Radith Moreno Rojas

שמור ב:
מידע ביבליוגרפי
מחבר ראשי: Moreno Rojas, Cecilia Radith
פורמט: Texto
שפה:Spanish
יצא לאור: Managua
נושאים:
תגים: הוספת תג
אין תגיות, היה/י הראשונ/ה לתייג את הרשומה!

MARC

LEADER 00000 a a2200000 04500
001 13995
003 cru CIDCACS/IIS
005 20170518104011.0
008 170518b xxu||||| |||| 00| 0 spa d
040 |c CIDCACS/IIS 
090 |a 05.01.01 M843a  
100 |a Moreno Rojas, Cecilia Radith  
245 |a Acerca de la problemática indígena en Panamá:   |c el caso Guaymí /   |b Cecilia Radith Moreno Rojas 
260 |a Managua  
300 |a 18 páginas 
650 |a SOCIOLOGIA  
650 |a POBLACION INDIGENA  
942 |2 ddc  |c LI 
999 |c 14691  |d 14691